LEADER 00945nam0-22003131i-450- 001 990007874260403321 005 20040426094229.0 035 $a000787426 035 $aFED01000787426 035 $a(Aleph)000787426FED01 035 $a000787426 100 $a20040426d2002----km-y0itay50------ba 101 0 $aita 102 $aIT 105 $aa---a---001yy 200 1 $a<>Ararat a Kandahar$ela nascita, lo sviluppo e le prospettive di evoluzione della guerra anfibia$fMichele Cosentino 210 $aNapoli$cRivista marittima$d2002 215 $a279 p.$cill. col.$d24 cm 300 $aSuppl. a: Rivista marittima. n. 10 ottobre 2002 610 0 $aFanteria di marina 676 $a359.96 700 1$aCosentino,$bMichele$09394 801 0$aIT$bUNINA$gRICA$2UNIMARC 901 $aBK 912 $a990007874260403321 952 $a13 E 73 20$b12699/6$fFINBC 959 $aFINBC 996 $aArarat a Kandahar$9672809 997 $aUNINA LEADER 00950nam0-2200325---450- 001 990008388460403321 005 20061002110522.0 010 $a0-7355-5788-8 035 $a000838846 035 $aFED01000838846 035 $a(Aleph)000838846FED01 035 $a000838846 100 $a20061002d2006----km-y0itay50------ba 101 0 $aeng 102 $aUS 105 $ay---n---001yy 200 1 $a<>law of debtors and creditors$etext, cases, and problems$fElizabeth Warren, Jay Lawrence Westbrook 205 $a5th ed. 210 $aNew York$cASPEN Publishers$dc2006 215 $aXXXI, 927 p.$d26 cm 676 $a346.73077$v21$zita 700 1$aWarren,$bElizabeth$0278193 701 1$aWestbrook,$bJay Lawrence$0278194 801 0$aIT$bUNINA$gRICA$2UNIMARC 901 $aBK 912 $a990008388460403321 952 $aVIII L 403$b49364*$fFGBC 959 $aFGBC 996 $aLaw of debtors and creditors$9724259 997 $aUNINA